Production and Operations Management. (Record no. 2507)

MARC details
005 - DATE AND TIME OF LATEST TRANSACTION
control field 20250522111803.0
020 ## - INTERNATIONAL STANDARD BOOK NUMBER
International Standard Book Number 0 273 02874 X
082 ## - DEWEY DECIMAL CLASSIFICATION NUMBER
Classification number 658.54 LOC
100 ## - MAIN ENTRY--PERSONAL NAME
Author name LOCKYER, K.
245 ## - TITLE STATEMENT
Title Production and Operations Management.
250 ## - EDITION STATEMENT
Edition statement 5th Ed
260 ## - PUBLICATION, DISTRIBUTION, ETC.
Place of publication, distribution, etc. New York,
Name of publisher, distributor, etc. McGraw-Hill,
Date of publication, distribution, etc. 1987.
300 ## - PHYSICAL DESCRIPTION
Extent xiii, 576p.: ill.; figure
Other physical details Index
Dimensions 22cm.
700 ## - ADDED ENTRY--PERSONAL NAME
Other authors/Editors MUHLEMANN, A. & OAKLAND, J.
942 ## - ADDED ENTRY ELEMENTS (KOHA)
Source of classification or shelving scheme Dewey Decimal Classification
Koha item type Books
Holdings
Date last seen Total checkouts Full call number Barcode Cost, replacement price Price effective from Koha item type Lost status Source of classification or shelving scheme Damaged status Not for loan Withdrawn status Home library Current library Shelving location Date acquired Cost, normal purchase price
05/22/2025   658.54 LOC 0000009459 30000.00 05/22/2025 Books   Dewey Decimal Classification       College of Business Education Main Library College of Business Education Main Library General Collection 02/02/1987 10000.00